000
00218nam a22000977a 4500
999
_c
16123
_d
16123
003
OSt
008
191107b ||||| |||| 00| 0 eng d
100
_a
Narayana pillai,M R.
_9
4349
245
_a
Narayana pillai
942
_c
BK